| 000 | 00618nam a2200217Ia 4500 | ||
|---|---|---|---|
| 005 | 20250508162659.0 | ||
| 008 | 008 250505s9999 xx 000 0 eng d | ||
| 020 | _a0-316-55151-1 | ||
| 037 | _aTextBook | ||
| 040 |
_aFEDL _beng _cFEDL |
||
| 041 |
_aeng _2eng |
||
| 084 |
_a370.15, MAY _qFEDL |
||
| 100 |
_aMayer Richard E _920286 |
||
| 245 | 0 | _aEducation psychology : A congitive approach | |
| 260 |
_aBoston, USA _bLittle, Brown and Company _c1987 |
||
| 300 | _axxvi,578p | ||
| 365 |
_aUSD _b24.76 |
||
| 650 | _aEducational Psychology | ||
| 942 |
_cTB _h370.15, MAY |
||
| 999 |
_c1378019 _d1378019 |
||